000 00651nam a2200289Ia 4500
005 20260324132549.0
008 008 260324s9999 xx 000 0 eng d
020 _a9780203584811
037 _aEBOOK
040 _aCRL
040 _beng
040 _cCRL
041 _2eng
041 _aeng
084 _qCRL
100 _aPaul Spencer
_91189760
245 4 _aThe Samburu
245 2 _bA Study in Geocentracy
260 _bTaylor and Francis
260 _c2004
365 _a
365 _b195
856 _uhttp://www.taylorfrancis.com/books/9780203584811
942 _cEBOOK
999 _c1787976
_d1787976